000
00284nam a2200121Ia 4500
008
190802s9999 xx 000 0 und d
020
_a
978-93-325-5854-0
100
_a
Robert A Baron
245
0
_a
Psychology
260
_a
New Delhi
_b
Pearson
_c
2016
300
_a
646:p
942
_c
BK
999
_c
2251
_d
2251